The Penguin pocket school dictionary
| Other Authors: | |
|---|---|
| Format: | Book |
| Published: |
London :
Penguin Books ,
2005
|
| Subjects: |
MARC
| LEADER | 00000cam a2200000 7i4500 | ||
|---|---|---|---|
| 001 | 0000019560 | ||
| 005 | 20080618.0 | ||
| 008 | 080618 | ||
| 020 | |a 0141023287 | ||
| 090 | 0 | 0 | |a 423 |b PEN |
| 245 | 1 | 0 | |a The Penguin pocket school dictionary |c edited by George Davidson |
| 260 | |a London : |b Penguin Books , |c 2005 | ||
| 650 | 0 | |a English language |x Dictionaries | |
| 700 | 1 | |a Davidson, George, Ed. | |
| 999 | |a 0001025102 |b Book |c REFERENCE |e Perbadanan Perpustakaan Awam Johor | ||